00626cam a22002051 450000100060000000300080000600500170001400800410003103500140007204000470008604100080013308200220014110000220016324500850018526000360027030000320030650400180033865000400035670000240039628588BD-RjUL20211209051313.0140331s1959 nyua 001 0 eng d a(BD-RjUL) aDLCcTxShAdNBrockUdUkdDLCdBD-RjULbeng aeng00a371.422bKOG 19591 aKowitz, Gerald T.10aGuidance in the elementary classroom /cby Gerald T. Kowitz and Norma G. Kowitz. aNew York :bMcGraw-Hill,c1959. a 314 p. :billus. ;c24 cm. aInclude index 0aCounseling in elementary education.1 aKowitz, Norma Giess